Microwave & wireless communications technology / (Record no. 532769)

000 -LEADER
fixed length control field 01205cam a2200325 a 4500
001 - CONTROL NUMBER
control field 2578735
003 - CONTROL NUMBER IDENTIFIER
control field NUST
005 - DATE AND TIME OF LATEST TRANSACTION
control field 20191202164812.0
008 - FIXED-LENGTH DATA ELEMENTS--GENERAL INFORMATION
fixed length control field 960314s1997 maua 001 0 eng
010 ## - LIBRARY OF CONGRESS CONTROL NUMBER
LC control number 96014591
020 ## - INTERNATIONAL STANDARD BOOK NUMBER
International Standard Book Number 0750697075 (pbk.)
038 ## - RECORD CONTENT LICENSOR
Staff Name MSOHAIL
040 ## - CATALOGING SOURCE
Original cataloging agency DLC
Transcribing agency DLC
Modifying agency DLC
050 00 - LIBRARY OF CONGRESS CALL NUMBER
Classification number TK7876
Item number .C385 1997
082 00 - DEWEY DECIMAL CLASSIFICATION NUMBER
Classification number 621.3813
Edition number 20
100 1# - MAIN ENTRY--PERSONAL NAME
Personal name Carr, Joseph J.
9 (RLIN) 26343
245 10 - TITLE STATEMENT
Title Microwave & wireless communications technology /
Statement of responsibility, etc. Joseph J. Carr.
246 3# - VARYING FORM OF TITLE
Title proper/short title Microwave and wireless communications technology
260 ## - PUBLICATION, DISTRIBUTION, ETC.
Place of publication, distribution, etc. Boston :
Name of publisher, distributor, etc. Butterworth-Heinemann,
Date of publication, distribution, etc. c1997.
300 ## - PHYSICAL DESCRIPTION
Extent x, 436 p. :
Other physical details ill. ;
Dimensions 26 cm.
500 ## - GENERAL NOTE
General note Includes index.
650 #0 - SUBJECT ADDED ENTRY--TOPICAL TERM
Topical term or geographic name entry element Microwaves.
9 (RLIN) 26344
650 #0 - SUBJECT ADDED ENTRY--TOPICAL TERM
Topical term or geographic name entry element Microwave communication systems.
9 (RLIN) 26345
650 #0 - SUBJECT ADDED ENTRY--TOPICAL TERM
Topical term or geographic name entry element Wireless communication systems.
9 (RLIN) 594
856 42 - ELECTRONIC LOCATION AND ACCESS
Materials specified Publisher description
Uniform Resource Identifier <a href="http://www.loc.gov/catdir/description/els032/96014591.html">http://www.loc.gov/catdir/description/els032/96014591.html</a>
856 41 - ELECTRONIC LOCATION AND ACCESS
Materials specified Table of contents
Uniform Resource Identifier <a href="http://www.loc.gov/catdir/toc/els032/96014591.html">http://www.loc.gov/catdir/toc/els032/96014591.html</a>
906 ## - LOCAL DATA ELEMENT F, LDF (RLIN)
a 7
b cbc
c orignew
d 1
e ocip
f 19
g y-gencatlg
942 ## - ADDED ENTRY ELEMENTS (KOHA)
Source of classification or shelving scheme
Koha item type Book
Holdings
Withdrawn status Lost status Source of classification or shelving scheme Damaged status Not for loan Permanent Location Current Location Date acquired Total Checkouts Full call number Barcode Date last seen Price effective from Koha item type
          School of Civil and Environmental Engineering (SCEE) School of Civil and Environmental Engineering (SCEE) 12/02/2019   621.3813 NIT-12600 12/02/2019 12/02/2019 Book
© 2023 Central Library, National University of Sciences and Technology. All Rights Reserved.